00425nam a2200145 a 450000100060000000300090000600800410001504000280005608200150008410000370009924500460013626000290018230000110021165000570022219877CO-ViMGA141112s2004 ck r 000 u spa d aCO-ViMGAbspacCO-ViMGA04a362.4 I5771 aInstituto Nacional para ciegos, 10aInforme de Gestión, periodo 1999 - 2002 aBogotá, cINCI, c2002 a145 p.14aINSTITUTO NACIONAL PARA CIEGOS - INFORME 1999 - 2002